Teoretická analýza termínového trhu ako nového produktu medzinárodných finančných vzťahov dizertačná práca

Salvato in:
Dettagli Bibliografici
Autore principale: Orviská, Marta
Ente Autore: Ekonomická univerzita v Bratislave. Národohospodárska fakulta
Altri autori: Melišová, Mária
Natura: Libro
Lingua:slovacco
Pubblicazione: Bratislava Ekonomická univerzita FNH 1998
Soggetti:
Tags: Aggiungi Tag
Nessun Tag, puoi essere il primo ad aggiungerne!!

MARC

LEADER 00000nam a2200000 4500
001 c117430
005 20230116083428.7
041 0 |a slo 
044 |a SK 
245 1 0 |a Teoretická analýza termínového trhu ako nového produktu medzinárodných finančných vzťahov  |b dizertačná práca  |c Marta Orviská ; škol. Mária Melišová 
264 1 |a Bratislava  |b Ekonomická univerzita FNH  |c 1998 
300 |a 147 s. 
610 2 0 |a futurity 
610 2 0 |a swap 
610 2 0 |a trh finančný 
610 2 0 |a obchody termínové 
100 1 |a Orviská, Marta 
700 1 |a Melišová, Mária 
710 2 |a Ekonomická univerzita v Bratislave. Národohospodárska fakulta